Normal view MARC view
  • Pombo, Rafael,

Entry Nombre Personal

Number of records used in: 9

001 - NUMERO DE CONTROL

  • campo de control: 35580

003 - IDENTIFICADOR DE NUMERO DE CONTROL

  • campo de control: UPN

005 - FECHA Y HORA DE LA ÜLTIMA TRANSACCIÓN

  • campo de control: 20240417103137.0

008 - DATOS DE LONGITUD FIJA

  • campo de control de longitud fija: 240417n||acannaabn a aaa |d

035 ## - NUMERO DE CONTROL

  • Número de control: UPN11000007687

040 ## - FUENTE DE CATALOGACIÓN

  • Lenguaje de catalogación: spa
  • Agencia de transcripción: MX-MxUPN
  • Agencia original de catalogación: MX-MxUPN

046 ## - FECHAS CON CODIFICACIÓN ESPECIAL

  • Fecha de nacimiento: 18331107
  • Fecha de muerte: 19120505

053 #4 - NÚMERO DE CLASIFICACIÓN LC

  • Número de clasificación elemento-número único o número inicial de tramo: PQ8179 P6

100 1# - ENCABEZAMIENTO - NOMBRE PERSONAL

  • Nombre personal: Pombo, Rafael,
  • Fechas asociadas con el nombre: 1833-1912

370 ## - LUGAR ASOCIADO

  • Fuente del término: $naf
  • Place of birth: Bogotá, Colombia
  • Place of death: Bogotá, Colombia

374 ## - OCUPACIÓN

  • Occupation: Poeta
  • Occupation: Traductor
  • Occupation: Diplomático

400 1# - VEÁSE - NOMBRE DE PERSONA

  • Personal name: Pombo y Rebolledo, José Rafael de,
  • Dates associated with a name: 1833-1912

670 ## - FUENTE EN LA QUE SE LOCALIZARON DATOS

  • Cita de la fuente: T
  • Información localizada: Salvat universal

670 ## - FUENTE EN LA QUE SE LOCALIZARON DATOS

  • Cita de la fuente: LC, 17 abril 2024:
  • Información localizada: (Pombo, Rafael, 1833-1912)
  • Uniform Resource Identifier: https://lccn.loc.gov/n82012180

680 ## - NOTA PUBLICA DE ACCESO PÚBLICO

  • Frase explicativa de la referencia: Poeta colombiano

902 ## - CATALOGADOR

  • Catalogador: CAA/120814